000
00276nam a2200109Ia 4500
008
190902s9999||||xx |||||||||||||| ||und||
100
_a
John Clark
245
0
_a
International Dictionary of Banking and Finance
260
_a
India
_b
Pearson
_c
1999
300
_a
352
942
_c
BK
999
_c
2789
_d
2789